[Event "DEN-chT 2223 60th"]
[Site "Denmark"]
[Date "2023.01.15"]
[Round "6.1"]
[White "Erichsen, Dan"]
[Black "Pedersen, Peer Ole"]
[Result "1/2-1/2"]
[WhiteElo "2057"]
[BlackElo "2085"]
[PlyCount "117"]
[EventDate "2022.10.29"]
[EventType "team-tourn"]
[EventRounds "9"]
[EventCountry "DEN"]
[SourceTitle "CBM 213 Extra"]
[Source "ChessBase"]
[SourceDate "2023.05.31"]
[SourceVersion "1"]
[SourceVersionDate "2023.05.31"]
[SourceQuality "1"]
[WhiteTeam "Hillerod"]
[BlackTeam "Nordre"]
[WhiteTeamCountry "DEN"]
[BlackTeamCountry "DEN"]

1. e4 e5 2. Nf3 Nc6 3. Bb5 a6 4. Ba4 Nf6 5. 0-0 Be7 6. Re1 b5 7. Bb3 0-0 8. h3 d6 9. c3 Na5 10. Bc2 c5 11. d4 cxd4 12. cxd4 Nc6 13. Nbd2 Qc7 14. Bb1 a5 15. Nf1 Nb4 16. a3 Nc6 17. d5 Nb8 18. Bd3 Bd7 19. Qe2 Qb7 20. Bd2 a4 21. b4 axb3 22. Reb1 Na6 23. Rxb3 Nc5 24. Rb2 Rfb8 25. Bb4 Nxd3 26. Qxd3 Bf8 27. Rc2 Rc8 28. Rac1 Rxc2 29. Rxc2 Rc8 30. Ne3 Rxc2 31. Qxc2 Qc8 32. Qxc8 Bxc8 33. Nd2 g6 34. Nd1 Bh6 35. Nb3 Nxe4 36. f3 Nf6 37. Nc3 Bb7 38. Bxd6 Nxd5 39. Nxb5 f6 40. Bc5 Bc6 41. Nd6 Ba4 42. Na5 Nc7 43. Nac4 Na6 44. Ba7 Bf8 45. Kf2 Bb3 46. Ke3 Bxc4 47. Nxc4 Kf7 48. a4 Ke6 49. Bb6 Kd5 50. Nd2 f5 51. Kd3 Bc5 52. a5 Bd4 53. Ke2 Nb4 54. g3 Na6 55. Kd3 e4+ 56. fxe4+ fxe4+ 57. Ke2 Nb4 58. Nb3 Be5 59. Ke1 1/2-1/2

[Event "DEN-chT 2223 60th"]
[Site "Denmark"]
[Date "2022.10.29"]
[Round "1.2"]
[White "Pedersen, Peer Ole"]
[Black "Palm, Nikolaj"]
[Result "1/2-1/2"]
[WhiteElo "2085"]
[BlackElo "2308"]
[PlyCount "110"]
[EventDate "2022.10.29"]
[EventType "team-tourn"]
[EventRounds "9"]
[EventCountry "DEN"]
[SourceTitle "EXT 2024"]
[Source "ChessBase"]
[SourceDate "2023.10.10"]
[SourceVersion "1"]
[SourceVersionDate "2023.10.10"]
[SourceQuality "1"]
[WhiteTeam "Nordre"]
[BlackTeam "Bronshoj"]
[WhiteTeamCountry "DEN"]
[BlackTeamCountry "DEN"]

1. c4 e6 2. Nc3 d5 3. d4 Nf6 4. Nf3 Be7 5. Bg5 Nbd7 6. e3 0-0 7. Bd3 a6 8. Rc1 h6 9. Bh4 dxc4 10. Bxc4 b5 11. Bd3 Bb7 12. 0-0 c5 13. Qe2 cxd4 14. Nxd4 Nc5 15. Bc2 Nd5 16. Bxe7 Nxc3 17. Bxd8 Nxe2+ 18. Nxe2 Rfxd8 19. Rfd1 b4 20. Rxd8+ Rxd8 21. Rd1 Rxd1+ 22. Bxd1 Nd3 23. b3 e5 24. f3 Kf8 25. Bc2 Nc5 26. Kf2 Ke7 27. g3 a5 28. Nc1 Ba6 29. e4 Kd6 30. Ke3 f6 31. Bd3 Bc8 32. f4 Be6 33. Bc2 Bd7 34. Nd3 Nxd3 35. Kxd3 exf4 36. gxf4 Kc5 37. f5 Be8 38. Ke3 Bf7 39. Bd1 Be8 40. Kd3 Bf7 41. Ke3 a4 42. Bc2 a3 43. Bd1 Be8 44. Bc2 g5 45. fxg6 Bxg6 46. Bd3 Bf7 47. Bc2 Be6 48. Bd1 Bf7 49. Bc2 Bg6 50. Bd3 Bf7 51. Bb1 Bh5 52. Bc2 Be8 53. Bd3 Bf7 54. Bc2 Bh5 55. Kd3 Bf7 1/2-1/2

[Event "Aarhus Chess House Summer"]
[Site "Aarhus"]
[Date "2021.07.28"]
[Round "3"]
[White "Koellner, Aaron Noah"]
[Black "Pedersen, Peer Ole"]
[Result "0-1"]
[WhiteElo "2257"]
[BlackElo "2081"]
[PlyCount "120"]
[EventDate "2021.07.26"]
[EventType "swiss"]
[EventRounds "9"]
[EventCountry "DEN"]
[SourceTitle "CBM 203 Extra"]
[Source "ChessBase"]
[SourceDate "2021.09.30"]
[SourceVersion "1"]
[SourceVersionDate "2021.09.30"]
[SourceQuality "1"]

1. d4 d5 2. Bf4 e6 3. e3 Bd6 4. Bg3 Bxg3 5. hxg3 c5 6. c3 cxd4 7. exd4 Nc6 8. Nf3 Bd7 9. Bd3 Nf6 10. Nbd2 Qc7 11. Qe2 h6 12. Ne5 Rf8 13. 0-0 0-0-0 14. Rfc1 Kb8 15. b4 h5 16. Ndf3 Ng4 17. Nxc6+ Qxc6 18. a4 f6 19. a5 Qd6 20. b5 e5 21. Bg6 e4 22. Nh4 e3 23. f4 Be8 24. b6 Bxg6 25. bxa7+ Kxa7 26. Nxg6 Rfe8 27. a6 b6 28. c4 dxc4 29. Rxc4 Rd7 30. Rac1 b5 31. Rc6 Qxd4 32. f5 Rb8 33. Nf4 Rb6 34. Rc8 Rxa6 35. Ne6 Qd5 36. Nf4 Qd2 37. Qf3 Qf2+ 38. Kh1 Qxf3 39. gxf3 Nf2+ 40. Kg2 Ra2 41. Kf1 Rd1+ 42. Rxd1 Nxd1 43. Nxh5 b4 44. Rc1 Nc3 45. Nxg7 Kb6 46. Ne8 Rf2+ 47. Kg1 Ne2+ 48. Kh1 Nxg3+ 49. Kg1 Ne2+ 50. Kh1 Nxc1 51. Kg1 Ne2+ 52. Kh1 Rxf3 53. Nd6 Rf4 54. Nc8+ Kc5 55. Ne7 b3 56. Nd5 Rh4+ 57. Kg2 Nf4+ 58. Kg3 Nxd5 59. Kxh4 e2 60. Kh5 e1Q 0-1

[Event "Aarhus Chess House Summer"]
[Site "Aarhus"]
[Date "2021.07.28"]
[Round "4"]
[White "Pedersen, Peer Ole"]
[Black "Easwaralingam, Adesh"]
[Result "1-0"]
[WhiteElo "2081"]
[BlackElo "2141"]
[PlyCount "109"]
[EventDate "2021.07.26"]
[EventType "swiss"]
[EventRounds "9"]
[EventCountry "DEN"]
[SourceTitle "CBM 203 Extra"]
[Source "ChessBase"]
[SourceDate "2021.09.30"]
[SourceVersion "1"]
[SourceVersionDate "2021.09.30"]
[SourceQuality "1"]

1. c4 e5 2. Nc3 Nf6 3. g3 Bb4 4. Bg2 Bxc3 5. bxc3 0-0 6. d3 Re8 7. e4 c6 8. Nf3 d6 9. 0-0 h6 10. Re1 Be6 11. a4 a5 12. Rb1 Qc8 13. Qb3 Re7 14. Ba3 Rd7 15. d4 b5 16. dxe5 Bxc4 17. Qc2 Ne8 18. Bh3 Be6 19. Bxe6 fxe6 20. axb5 cxb5 21. Rxb5 Nc6 22. Qb3 Rf7 23. c4 a4 24. Qd3 dxe5 25. Rc5 Qc7 26. Qc3 Qd7 27. Nxe5 Nxe5 28. Rxe5 Rb8 29. Qc2 Rb3 30. Rd1 Qc6 31. Rc5 Qb7 32. Rb5 Rxb5 33. cxb5 Qxb5 34. Qc8 Kh7 35. Qxe6 Qb3 36. Qxb3 axb3 37. Rd3 Rb7 38. Bb2 Kg8 39. e5 Kf7 40. Kf1 Ke6 41. f4 Rb6 42. Ke2 g5 43. Ke3 gxf4+ 44. gxf4 Kf5 45. Rd8 Nc7 46. Rf8+ Kg4 47. f5 Rc6 48. e6 Rc2 49. h3+ Kxh3 50. Be5 b2 51. Rb8 Nd5+ 52. Kd3 Rf2 53. Ke4 Ne7 54. Rxb2 Rxf5 55. Rb7 1-0

[Event "Aarhus Chess House Summer"]
[Site "Aarhus"]
[Date "2021.07.27"]
[Round "2"]
[White "Pedersen, Peer Ole"]
[Black "Thuesen, Mogens Henrik"]
[Result "0-1"]
[WhiteElo "2081"]
[BlackElo "2178"]
[PlyCount "90"]
[EventDate "2021.07.26"]
[EventType "swiss"]
[EventRounds "9"]
[EventCountry "DEN"]
[SourceTitle "CBM 203 Extra"]
[Source "ChessBase"]
[SourceDate "2021.09.30"]
[SourceVersion "1"]
[SourceVersionDate "2021.09.30"]
[SourceQuality "1"]

1. c4 e6 2. Nc3 d5 3. d4 c6 4. e3 Nf6 5. Bd3 Nbd7 6. Nf3 Bd6 7. 0-0 0-0 8. e4 dxc4 9. Bxc4 e5 10. h3 Qe7 11. Re1 Rd8 12. d5 Nb6 13. Bb3 cxd5 14. exd5 Bf5 15. Bg5 h6 16. Bh4 Nbd7 17. Nd4 Bg6 18. Qf3 e4 19. Qe3 Bc5 20. Rad1 Re8 21. Bg3 Nh5 22. Bh2 Qh4 23. g4 Nhf6 24. Kg2 Nh7 25. Bg3 Qf6 26. h4 Ne5 27. Nxe4 Bxe4+ 28. Qxe4 Nxg4 29. Qxe8+ Rxe8 30. Rxe8+ Nf8 31. Nf3 Bd6 32. Rc1 Kh7 33. Rcc8 Nd7 34. Rh8+ Kg6 35. Rc4 Kh5 36. Re8 Bxg3 37. Kxg3 Nde5 38. Rf4 Qg6 39. Nxe5 Nxe5+ 40. Kh3 Qd3+ 41. Kg2 Ng6 42. Rxf7 Nxh4+ 43. Kh2 Qf1 44. Rxg7 Qxf2+ 45. Kh3 Nf3 0-1

[Event "Aarhus Chess House Summer op"]
[Site "Aarhus"]
[Date "2017.06.29"]
[Round "5"]
[White "Pedersen, Peer Ole"]
[Black "Ehrenreich, Simon"]
[Result "1-0"]
[WhiteElo "2087"]
[BlackElo "1656"]
[PlyCount "95"]
[EventDate "2017.06.25"]
[EventType "swiss"]
[EventRounds "7"]
[EventCountry "DEN"]
[SourceTitle "EXT 2018"]
[Source "ChessBase"]
[SourceDate "2017.10.13"]
[SourceVersion "1"]
[SourceVersionDate "2017.10.13"]
[SourceQuality "1"]

1. c4 c6 2. d4 d5 3. Nc3 Nf6 4. cxd5 cxd5 5. Bf4 Nc6 6. e3 e6 7. Bd3 Bd6 8. Bxd6 Qxd6 9. Nf3 0-0 10. 0-0 Rd8 11. Rc1 e5 12. Nb5 Qe7 13. dxe5 Nxe5 14. Rc7 Qe8 15. Rc3 Qe7 16. Nxe5 Qxe5 17. Nd4 Ng4 18. Nf3 Qd6 19. h3 Ne5 20. Nd4 Nxd3 21. Qxd3 Qf6 22. Rfc1 Qg5 23. Kh2 Qe5+ 24. Kg1 Qg5 25. Kh1 Qe5 26. Rc7 h6 27. Qc2 a6 28. Qc5 Re8 29. Qc2 Qe4 30. Qxe4 dxe4 31. a4 f5 32. R1c5 g6 33. Rd5 b5 34. a5 Be6 35. Rd6 Bf7 36. Rdd7 Be6 37. Rg7+ Kf8 38. Rxg6 Bf7 39. Rf6 Re7 40. Rcc6 Rea7 41. b4 Ke7 42. Nxf5+ Kd7 43. Rcd6+ Ke8 44. Rxh6 Kf8 45. Rh8+ Bg8 46. g4 Kf7 47. g5 Rc7 48. Rf6+ 1-0